| Tag |
First Indicator |
Second Indicator |
Subfields |
| LEADER |
00000cam a2200000 4500 |
| 001 |
in00000039601 |
| 005 |
20151007081840.0 |
| 008 |
721003s1965 eng u |
| 010 |
|
|
|a 65015852
|
| 035 |
|
|
|a (OCoLC)00421734
|
| 035 |
|
|
|9 AAF7000AM
|
| 040 |
|
|
|c WSU
|d TXA
|d UtOrBLW
|
| 049 |
|
|
|a TXAM
|c [412138]
|
| 050 |
|
0 |
|a E183.8.R9
|b B5
|
| 092 |
|
|
|a 327.47
|b B622r
|
| 100 |
1 |
|
|a Bishop, Donald G.
|q (Donald Gordon)
|
| 245 |
1 |
4 |
|a The Roosevelt-Litvinov agreements.
|
| 250 |
|
|
|a [1st ed.
|
| 264 |
|
1 |
|a Syracuse, N.Y.] :
|b Syracuse University Press,
|c [1965]
|
| 300 |
|
|
|a 297 pages
|
| 336 |
|
|
|a text
|b txt
|2 rdacontent
|
| 337 |
|
|
|a unmediated
|b n
|2 rdamedia
|
| 338 |
|
|
|a volume
|b nc
|2 rdacarrier
|
| 504 |
|
|
|a Bibliographical references included in "Notes to chapters" (pages 251-283) "Note on sources": pages 285-287.
|
| 600 |
1 |
0 |
|a Roosevelt, Franklin D.
|q (Franklin Delano),
|d 1882-1945.
|
| 600 |
1 |
0 |
|a Litvinov, M. M.
|q (Maksim Maksimovich),
|d 1876-1951.
|
| 651 |
|
0 |
|a United States
|x Foreign relations
|z Soviet Union.
|
| 651 |
|
0 |
|a Soviet Union
|x Foreign relations
|z United States.
|
| 999 |
|
|
|a MARS
|
| 999 |
f |
f |
|s efd9eb3f-18e9-3240-8b27-0d88e998a551
|i 379aae68-469d-356b-8066-5b989d449edc
|t 0
|
| 952 |
f |
f |
|p ric
|a Texas A&M University
|b Rellis Campus
|c Joint Library Facility
|d Remote Storage
|t 0
|e E183.8.R9 B5
|h Library of Congress classification
|i unmediated -- volume
|m A14800675488
|
| 998 |
f |
f |
|a E183.8.R9 B5
|t 0
|l Remote Storage
|